Cartas y memorias /
| Main Author: | |
|---|---|
| Other Authors: | , , |
| Format: | Electronic eBook |
| Language: | Spanish French Italian English |
| Published: |
Tres Cantos, Madrid, España :
Akal,
[2022]
|
| Series: | Biografías (Akal Editor) ;
13. |
| Subjects: | |
| Online Access: | Digitalia Hispánica |
MARC
| LEADER | 00000nam a2200000Ii 4500 | ||
|---|---|---|---|
| 001 | DIGAKAL0753 | ||
| 003 | NyNyDIG | ||
| 006 | m o d | ||
| 007 | cr ||||||||||| | ||
| 008 | 220805s2022 sp a o 000 0bspa d | ||
| 035 | |a (OCoLC)1350506812 | ||
| 040 | |a DGITA |b eng |e rda |e pn |c DGITA | ||
| 020 | |a 9788446052371 |q ePub | ||
| 020 | |z 9788446051886 | ||
| 041 | 1 | |a spa |h fre |h ita |h eng | |
| 050 | 1 | 4 | |a ML420.C18 ebook |
| 082 | 0 | 4 | |a 782.10924 |
| 100 | 1 | |a Callas, Maria, |d 1923-1977, |e author. | |
| 240 | 1 | 0 | |a Lettres & mémoires. |l Spanish |s (D'Incecco and Sánchez i Sanjuán) |
| 245 | 1 | 0 | |a Cartas y memorias / |c Maria Callas ; textos recopilados y comentados por Tom Volf ; traducción (del italiano, francés e inglés), Emiliano D'Incecco y Jordi Sánchez i Sanjuán. |
| 264 | 1 | |a Tres Cantos, Madrid, España : |b Akal, |c [2022] | |
| 300 | |a 1 online resource : |b illustrations. | ||
| 336 | |a text |b txt |2 rdacontent | ||
| 337 | |a computer |b c |2 rdamedia | ||
| 338 | |a online resource |b cr |2 rdacarrier | ||
| 347 | |a text file |2 rdaft | ||
| 347 | |b EPUB | ||
| 490 | 1 | |a Akal / Biografías ; |v 13 | |
| 546 | |a Texts translated into Spanish from Italian, French and English. | ||
| 588 | 0 | |a Online resource; title from ePub title page (Digitalia, viewed August 5, 2022) | |
| 610 | 1 | 0 | |a Callas, Maria, |d 1923-1977. |
| 650 | 0 | |a Sopranos (Singers) |v Biography. | |
| 650 | 0 | |a Singers |v Biography. | |
| 655 | 0 | |a Electronic books. | |
| 700 | 1 | |a Volf, Tom, |d 1986- |e compiler. | |
| 700 | 1 | |a D'Incecco, Emiliano, |e translator. | |
| 700 | 1 | |a Sánchez i Sanjuán, Jordi, |e translator. | |
| 700 | 1 | |i Translation of: |a Callas, Maria, |d 1923-1977. |t Lettres & mémoires. | |
| 791 | 2 | |a Digitalia (Firm), |e distributor. | |
| 793 | 0 | |g Digitalia eBook Collection: |a Akal | |
| 776 | 0 | 8 | |i Print version: |a Callas, Maria, 1923-1977. |s Lettres & mémoires. Spanish (D'Incecco and Sánchez i Sanjuán). |t Cartas y memorias. |d Tres Cantos, Madrid, España : Akal, [2022] |z 9788446051886 |
| 830 | 0 | |a Biografías (Akal Editor) ; |v 13. | |
| 856 | 4 | 0 | |3 Digitalia Hispánica |u https://www.digitaliapublishing.com/a/113687/ |
| 910 | |a Premium collection: 2022 | ||


